Statistical analysis whith missing data

Αποθηκεύτηκε σε:
Λεπτομέρειες βιβλιογραφικής εγγραφής
Κύριος συγγραφέας: Little, Roderick J. A.
Άλλοι συγγραφείς: Rubin, Donald B.
Μορφή: Βιβλίο
Γλώσσα:English
Δημοσίευση: Hoboken, N.J. : Wiley, c2002
Έκδοση:2nd ed.
Σειρά:Wiley series in probability and statistics
Θέματα:
Ετικέτες: Προσθήκη ετικέτας
Δεν υπάρχουν, Καταχωρήστε ετικέτα πρώτοι!

MARC

LEADER 00000nam a2200000 i 4500
001 1/61605
008 071102s2002 eng d
020 |a 0-471-18386-5 (adid-free paper) 
035 |l 10092043 
040 |a GR-MY-UA  |b gre  |e aacr 
041 0 |a eng 
082 0 |a 519.5  |2 (22) 
100 1 |a Little, Roderick J. A. 
245 1 0 |a Statistical analysis whith missing data /  |c Roberick J.A. Little, Donald B. Rubin. 
250 |a 2nd ed.  
260 |a Hoboken, N.J. :   |b Wiley,   |c c2002 
300 |a xv, 381 σ.;  |b εικ.;  |c 25 εκ. 
490 1 |a Wiley series in probability and statistics 
504 |a Περίεχει βιβλιογραφικές αναφορές (σ. 349-364) και ευρετήριο. 
650 0 0 |a Mathematical statistics. 
650 0 0 |a Missing observations (Statistics) 
700 1 |a Rubin, Donald B. 
830 0 |a Wiley series in probability and statistics 
852 |a INST  |b SAMOS  |e 20071102  |h 519.5 LIT  |p 005300027937  |q 005300027937  |t BK  |y 0 
901 |a BIBL3-2007-3 
909 |a Σ  |b 140092 
922 |a 3ΕΛΗ  |b 200710  |c ΕΠΕΑΕΚ2/ΤΣΑΕ  |d ΠΑΠΑΣΩΤΗΡΙΟΥ 
970 |a ΓΟΥΒΑΛΑ  |b ΒΑΣΩ  |z 2007/11/02